| 000 -CABECERA |
| Longitud fija campo de control |
00518nam a2200193 a 4500 |
| 001 - NÚMERO DE CONTROL |
| Número de control |
2268 |
| 003 - IDENTIFICADOR DEL NÚMERO DE CONTROL |
| Identificador del número de control |
CDMR |
| 005 - FECHA Y HORA DE LA ÚLTIMA TRANSACCIÓN |
| Fecha y hora de la última transacción |
20131126125818.0 |
| 008 - CÓDIGOS DE INFORMACIÓN DE LONGITUD FIJA |
| Códigos de información de longitud fija |
130130s1958||||||||||||||||||||||||||||d |
| 040 ## - FUENTE DE LA CATALOGACIÓN |
| Centro catalogador de origen |
CDMR |
| Lengua de catalogación |
cat |
| Centro transcriptor |
CDMR |
| 100 1# - PUNTO DE ACCESO PRINCIPAL-NOMBRE DE PERSONA |
| Nombre de persona |
Calvet, Henri |
| 9 (RLIN) |
1686 |
| 245 13 - MENCIÓN DE TÍTULO |
| Título |
La presse contemporaine |
| Mención de responsabilidad, etc. |
Henri Calvet |
| 260 ## - PUBLICACIÓN, DISTRIBUCIÓN, ETC. (PIE DE IMPRENTA) |
| Lugar de publicación, distribución, etc. |
Saint-Amand |
| Fecha de publicación, distribución, etc. |
1958 |
| Nombre del editor, distribuidor, etc. |
Fernand Nathan |
| 300 ## - DESCRIPCIÓN FÍSICA |
| Extensión |
366 p. |
| 490 ## - MENCIÓN DE SERIE |
| Mención de serie |
L'Activité Contemporaine |
| 650 04 - PUNTO DE ACCESO ADICIONAL DE MATERIA - TÉRMINO DE MATERIA |
| 9 (RLIN) |
3470 |
| Término de materia o nombre geográfico como elemento inicial |
Premsa i política |
| 650 04 - PUNTO DE ACCESO ADICIONAL DE MATERIA - TÉRMINO DE MATERIA |
| 9 (RLIN) |
311 |
| Término de materia o nombre geográfico como elemento inicial |
Empreses periodístiques |
| 942 ## - ENTRADA DE ELEMENTOS AGREGADOS (KOHA) |
| Koha [por defecto] tipo de item |
Monografies |
| Fuente de clasificaión o esquema |
|